00497nam a2200169Ia 4500008004100000020001200041040001900053041001200072082002900084100002300113245005500136260003100191300002800222504001900250650002900269651002900298131103s9999 xx 000 0 und d cRs. 100 aLoreto College aEnglish a954.147/RAYbLCLIB/42854 aRay, Nisith Ranjan aCalcutta, the profile of a citycNisith Ranjan Ray aCalcuttabK.P.Bagchic1986 av,131p, photos 22.5 cm. aIncludes index aCalcutta, India, History aKolkata,India, History